000 00758nam a2200193 a 4500
008 100121s2007 ||||||||||||||||| || u
020 _a0849392624
050 _aTS 155.63 Int
100 _aZurawski, Richard
245 1 0 _aIntegration technologies for industrial automated systems
_cEdited by Richard Zurawski
260 _aLondon:
_bTaylor & Francis
_c2007
300 _axix, various pagings: ill.
350 _a0.00
500 _aIncludes Index
650 _aCOMPUTER INTEGRATED MANUFACTURING SYSTEMS
650 _aMANUFACTURING PROCESSES--AUTOMATION
650 _aCOMPUTERS
995 _D0.00
_FCBU-MAIN LIBRARY (Kitwe)
_H1
_I0.00
_M1
_UAVAILABLE
_WMar 10, 2010
_ZMain Library Open Access Collection
999 _c47166
_d47166